Vzplanutí /
Známe skutečně dobře své přátele? Můžeme věřit tomu, že jsou opravdu dobrými lidmi? Víme s jistotou, že jsou šťastní ve vztahu či v manželství?Co když ten, kdo působí jako milý a dobrý člověk, je ve skutečnosti tím, kdo svou drahou polovičku psychicky i fyzicky týrá? A co když ten, kdo působí, že je...
Uloženo v:
| Hlavní autor: | |
|---|---|
| Médium: | E-kniha |
| Jazyk: | Czech |
| Vydáno: |
Praha :
E-knihy jedou,
2018
|
| Tagy: |
Žádné tagy |
| LEADER | 01920nam a22002297i 4500 | ||
|---|---|---|---|
| 001 | 310929 | ||
| 007 | ta | ||
| 008 | 260601s2018 xr ||||| |||| 00| 0 cze d | ||
| 020 | |a 9990001790417 | ||
| 044 | |a xr | ||
| 100 | 1 | |a Tajemná, Poli |4 aut | |
| 245 | 1 | 0 | |a Vzplanutí / |c Tajemná, Poli |
| 264 | 1 | |a Praha : |b E-knihy jedou, |c 2018 | |
| 300 | |a 1 online zdroj (142 stran) | ||
| 336 | |a text |b txt |2 rdacontent | ||
| 337 | |a bez média |b n |2 rdamedia | ||
| 338 | |a online zdroj |b cr |2 rdacarrier | ||
| 520 | 2 | |a Známe skutečně dobře své přátele? Můžeme věřit tomu, že jsou opravdu dobrými lidmi? Víme s jistotou, že jsou šťastní ve vztahu či v manželství?Co když ten, kdo působí jako milý a dobrý člověk, je ve skutečnosti tím, kdo svou drahou polovičku psychicky i fyzicky týrá? A co když ten, kdo působí, že je neskonale šťastný ve svém vztahu, je vlastně týraným?Právě Šárka Knopová je jednou z těch nešťastných, která měla smůlu na manžela. A v místech, kde s mužem žije, potká svou někdejší lásku Viktora, který ve městě má být pouze měsíc a nevědomky jí pomáhá se nějakým způsobem udržet na nohou v době, kdy její manžel odcestoval na několik dní pryč. Šárka si však uvědomuje, že po manželově návratu nastane peklo. Psychicky se připravuje na to, že jsou tohle poslední dny jejího života...Jak to s ní dopadne? A jak se bude vyvíjet společný čas s Viktorem? Podaří se jí uniknout? | |
| 910 | |a RBIT002 | ||
| 998 | |d 179041 |a https://core.palmknihy.cz/api/books/179041/cover?pdiqax |b https://core.palmknihy.cz/api/books/179041/cover/400?pdiqax |c https://core.palmknihy.cz/api/books/179041/cover/50?pdiqax |e |g 142 |i 9990001790417 |j https://core.palmknihy.cz/api/books/179041/preview.epub |k https://core.palmknihy.cz/api/books/179041/preview.pdf |l |q 49 |r 1 |s https://www.palmknihy.cz/kniha/179041 |t ebook |y 2018 |z 1 | ||
| 999 | |d 310927 | ||